Planos y mapas: actividades interdisciplinares para representar el espacio
Saved in:
| Hovedforfatter: | |
|---|---|
| Andre forfattere: | |
| Format: | Bog |
| Sprog: | spansk |
| Udgivet: |
Madrid
Narcea
1999
|
| Serier: | Geografía, Historia y Ciencias Sociales, Matemáticas
Colección Materiales 12-16 para Educación Secundaria |
| Fag: | |
| Tags: |
Tilføj Tag
Ingen Tags, Vær først til at tagge denne postø!
|
MARC
| LEADER | 00000nam a2200000 a 4500 | ||
|---|---|---|---|
| 001 | UCN3303 | ||
| 003 | CL-VaPUC | ||
| 008 | 010622e19990000SP |||||||||||||||||spa|d | ||
| 082 | 0 | 4 | |a 372.891 |b CAL |2 21 |
| 100 | 0 | |a Callejo de la Vega, María Luz |e author |9 459816 | |
| 700 | |a Llopis Pla, Carmen |e autora |9 439214 | ||
| 245 | 1 | 0 | |a Planos y mapas: actividades interdisciplinares para representar el espacio |
| 300 | |a 3 v | ||
| 942 | |c BK | ||
| 945 | |d 20010622 00:00:00 |a cmena | ||
| 260 | |a Madrid |b Narcea |c 1999 | ||
| 500 | |a ALGUNOS EJEMPLARES EN INST.DE GEOGRAFIA POR PROY.MINEDUC | ||
| 500 | |a v.1: Para el profesorado | ||
| 500 | |a v.2: 1. Evaluación inicial. 2. Evaluación global: orientaciones para el profesorado y Material para el alumnado | ||
| 500 | |a v.3: Orientaciones didácticas y materiales para el alumnado: la escala; localización, situación, orientación; símbolos y signos; proyecciones | ||
| 650 | 0 | |a Enseñanza de la geografía |9 310005 | |
| 650 | 0 | |a Métodos de enseñanza |9 270413 | |
| 650 | 7 | |a PLANOS Y MAPAS |2 CL-VaPUC |9 459818 | |
| 583 | |a last modification |c 20010622 00:00:00 |k Rodrigo Vera | ||
| 490 | 0 | |a Geografía, Historia y Ciencias Sociales, Matemáticas | |
| 490 | 0 | |a Colección Materiales 12-16 para Educación Secundaria | |
| 999 | |c 296228 |d 296226 | ||
| 952 | |0 0 |1 0 |4 0 |6 372_891000000000000_CAL_1999 |7 0 |8 A |9 349856 |a BIBING |b BIBING |d 2019-11-20 |h v.1 |i 372221K |o 372.891 CAL 1999 |p 372221K |r 2023-03-02 |w 2019-11-20 |y BK |k GEO | ||
| 952 | |0 0 |1 0 |4 0 |6 372_891000000000000_CAL_1999 |7 0 |8 A |9 349857 |a BIBING |b BIBING |d 2019-11-20 |h v.2 |i 3722228 |o 372.891 CAL 1999 |p 3722228 |r 2023-03-02 |w 2019-11-20 |y BK |k GEO | ||
| 952 | |0 0 |1 0 |4 0 |6 372_891000000000000_CAL_1999 |7 0 |8 A |9 349858 |a BIBING |b BIBING |d 2019-11-20 |h v.3 |i 3722236 |o 372.891 CAL 1999 |p 3722236 |r 2023-03-02 |w 2019-11-20 |y BK |k GEO | ||
| 952 | |0 0 |1 0 |4 0 |6 372_891000000000000_CAL_1999 |7 0 |8 A |9 349859 |a BIBING |b BIBING |d 2019-11-20 |h v.1 |i 3722244 |o 372.891 CAL 1999 |p 3722244 |r 2023-03-02 |w 2019-11-20 |y BK |k GEO | ||
| 952 | |0 0 |1 0 |4 0 |6 372_891000000000000_CAL_1999 |7 0 |8 A |9 349860 |a BIBING |b BIBING |d 2019-11-20 |h v.2 |i 3722252 |o 372.891 CAL 1999 |p 3722252 |r 2023-03-02 |w 2019-11-20 |y BK |k GEO | ||
| 952 | |0 0 |1 0 |4 0 |6 372_891000000000000_CAL_1999 |7 0 |8 A |9 349861 |a BIBING |b BIBING |d 2019-11-20 |h v.3 |i 3722260 |o 372.891 CAL 1999 |p 3722260 |r 2023-03-02 |w 2019-11-20 |y BK |k GEO | ||
| 952 | |0 0 |1 0 |4 0 |6 372_891000000000000_CAL_1999 |7 0 |8 A |9 349862 |a BIBING |b BIBING |d 2019-11-20 |h v.1 |i 4420977 |o 372.891 CAL 1999 |p 4420977 |r 2023-03-06 |w 2019-11-20 |y BK |k GEO | ||
| 952 | |0 0 |1 0 |4 0 |6 372_891000000000000_CAL_1999 |7 0 |8 A |9 349863 |a BIBING |b BIBING |d 2019-11-20 |h v.2 |i 4418263 |o 372.891 CAL 1999 |p 4418263 |r 2023-03-06 |w 2019-11-20 |y BK |k GEO | ||
| 952 | |0 0 |1 0 |4 0 |6 372_891000000000000_CAL_1999 |7 0 |8 A |9 349864 |a BIBING |b BIBING |d 2019-11-20 |h v.3 |i 4418271 |o 372.891 CAL 1999 |p 4418271 |r 2023-03-06 |w 2019-11-20 |y BK |k GEO | ||